[Event "RE-2020-0-00220"]
[Site "LSS email"]
[Date "2020.04.29"]
[Round "?"]
[White "Raines, David T"]
[Black "Nesbit, Andres"]
[Result "1/2-1/2"]
[WhiteElo "1207"]
[BlackElo "1248"]
[PlyCount "65"]
[EventDate "2020.01.23"]
[EventType "tourn (corr)"]
[EventRounds "6"]
[EventCountry "GER"]
[SourceTitle "Corr 2022"]
[Source "ChessBase"]
[SourceDate "2021.10.24"]
[SourceVersion "1"]
[SourceVersionDate "2021.10.24"]
[SourceQuality "1"]

1. d4 d5 2. Bf4 c5 3. e3 Nc6 4. c3 Nf6 5. Nd2 Qb6 6. dxc5 Qxb2 7. Qc1 Qxc1+ 8. Rxc1 e5 9. Bg3 Bxc5 10. Nb3 Ba3 11. Rd1 Be6 12. Nf3 Bb2 13. Bb5 Bxc3+ 14. Ke2 e4 15. Ne5 0-0 16. Nxc6 bxc6 17. Bxc6 Rac8 18. Bb7 Rc4 19. Rc1 Nh5 20. Nd2 Nxg3+ 21. hxg3 Rc7 22. Rb1 Be5 23. Rhc1 Rxc1 24. Rxc1 Rb8 25. Bc6 g6 26. Rb1 Rxb1 27. Nxb1 f5 28. Nd2 d4 29. exd4 Bxd4 30. a4 Kf8 31. Bb5 Ke7 32. Nc4 Bd5 33. Ne3 1/2-1/2